MARC details
| 000 -LEADER |
| fixed length control field |
01520cam a2200349 i 4500 |
| 001 - CONTROL NUMBER |
| control field |
ssib024624415 |
| 003 - CONTROL NUMBER IDENTIFIER |
| control field |
EG-ScBUE |
| 005 - DATE AND TIME OF LATEST TRANSACTION |
| control field |
20230625130911.0 |
| 008 - FIXED-LENGTH DATA ELEMENTS--GENERAL INFORMATION |
| fixed length control field |
140818t2014 nyua f b f001 0 eng d |
| 020 ## - INTERNATIONAL STANDARD BOOK NUMBER |
| International Standard Book Number |
9780231158855 |
| 040 ## - CATALOGING SOURCE |
| Original cataloging agency |
CaPaEBR |
| Language of cataloging |
eng |
| Description conventions |
rda |
| Transcribing agency |
CaPaEBR |
| Modifying agency |
WaSeSS |
| -- |
EG-ScBUE |
| 043 ## - GEOGRAPHIC AREA CODE |
| Geographic area code |
ma----- |
| 082 04 - DEWEY DECIMAL CLASSIFICATION NUMBER |
| Classification number |
909.097492708312 |
| Edition number |
22 |
| Item number |
ARA |
| 245 04 - TITLE STATEMENT |
| Title |
The Arab uprisings explained : |
| Remainder of title |
new contentious politics in the Middle East / |
| Statement of responsibility, etc |
edited by Marc Lynch. |
| 264 #1 - PUBLICATION, DISTRIBUTION, ETC. (IMPRINT) |
| Place of publication, distribution, etc |
New York : |
| Name of publisher, distributor, etc |
Columbia University Press, |
| Date of publication, distribution, etc |
[2014] |
| 264 #4 - PUBLICATION, DISTRIBUTION, ETC. (IMPRINT) |
| Date of publication, distribution, etc |
c2014 |
| 300 ## - PHYSICAL DESCRIPTION |
| Extent |
viii, 340 pages : |
| Other physical details |
illustrations ; |
| Dimensions |
24 cm. |
| 336 ## - CONTENT TYPE |
| Source |
rdacontent |
| Content type term |
text |
| Content type code |
txt |
| 337 ## - MEDIA TYPE |
| Source |
rdamedia |
| Media type term |
unmediated |
| Media type code |
n |
| 338 ## - CARRIER TYPE |
| Source |
rdacarrier |
| Carrier type term |
volume |
| Carrier type code |
nc |
| 490 0# - SERIES STATEMENT |
| Series statement |
Columbia studies in Middle East politics |
| 504 ## - BIBLIOGRAPHY, ETC. NOTE |
| Bibliography, etc |
Includes bibliographical references and index.<br/> |
| 650 #7 - SUBJECT ADDED ENTRY--TOPICAL TERM |
| Topical term or geographic name as entry element |
Arab Spring, 2010- |
| Source of heading or term |
BUEsh |
| 9 (RLIN) |
38992 |
| 650 #7 - SUBJECT ADDED ENTRY--TOPICAL TERM |
| Topical term or geographic name as entry element |
Revolutions |
| Geographic subdivision |
Arab countries |
| General subdivision |
History |
| Chronological subdivision |
21st century. |
| Source of heading or term |
BUEsh |
| 9 (RLIN) |
40495 |
| 650 #7 - SUBJECT ADDED ENTRY--TOPICAL TERM |
| Topical term or geographic name as entry element |
Democratization |
| Geographic subdivision |
Arab countries |
| General subdivision |
History |
| Chronological subdivision |
21st century. |
| Source of heading or term |
BUEsh |
| 9 (RLIN) |
40600 |
| 651 #7 - SUBJECT ADDED ENTRY--GEOGRAPHIC NAME |
| Geographic name |
Arab countries |
| General subdivision |
Politics and government |
| Chronological subdivision |
21st century. |
| Source of heading or term |
BUEsh |
| 9 (RLIN) |
28746 |
| 653 ## - INDEX TERM--UNCONTROLLED |
| Resource For college |
BAEPS, Political Science |
| Arrived date list |
August 2016 |
| 655 ## - INDEX TERM--GENRE/FORM |
| Form subdivision |
Reading book |
| 700 1# - ADDED ENTRY--PERSONAL NAME |
| Personal name |
Lynch, Marc, |
| Relator term |
editor. |
| 776 08 - ADDITIONAL PHYSICAL FORM ENTRY |
| Display text |
Print version: |
| Title |
Arab uprisings explained : new contentious politics in the Middle East. |
| Place, publisher, and date of publication |
West Sussex, England : Columbia University Press, c2014 |
| Physical description |
viii, 340 pages |
| Series data for related item |
Columbia studies in Middle East politics. |
| International Standard Book Number |
9780231158855 |
| Record control number |
2014009250 |
| 942 ## - ADDED ENTRY ELEMENTS (KOHA) |
| Source of classification or shelving scheme |
Dewey Decimal Classification |
| Koha item type |
Book - Borrowing |